Statistics for Top 5 Most Populous Cities In Each State- With A Twist

Click here to take the quiz!

General Stats

  • This quiz has been taken 36 times
  • The average score is 20 of 50

Answer Stats

Hint#Answer% Correct
Alaska2Juneau
90%
Colorado1Denver
87%
Hawaii1Honolulu
83%
Alabama1Birmingham
80%
New York2Buffalo
77%
New Mexico1Albuquerque
73%
Massachusetts1Boston
70%
Nebraska2Lincoln
70%
Oklahoma1Oklahoma City
70%
Kentucky2Lexington
67%
Nevada3Reno
67%
Montana1Billings
63%
Florida4Orlando
63%
Arizona3Mesa
60%
Kansas1Wichita
60%
Texas3Dallas
50%
Michigan2Grand Rapids
50%
Tennessee2Memphis
50%
Connecticut2New Haven
50%
Virginia1Virginia Beach
50%
North Carolina3Greensboro
47%
Oregon2Salem
47%
Ohio5Akron
43%
California5Fresno
43%
Indiana4South Bend
40%
Minnesota3Rochester
37%
Louisiana3Shreveport
37%
South Dakota1Sioux Falls
37%
Pennsylvania3Allentown
33%
New Hampshire4Dover
33%
Iowa5Iowa City
30%
Georgia5Savannah
30%
Illinois3Naperville
27%
Washington2Spokane
27%
Wisconsin4Kenosha
20%
Missouri5Independence
17%
West Virginia3Morgantown
17%
Delaware3Newark
17%
Idaho2Meridian
13%
Mississippi4Biloxi
10%
Rhode Island4Pawtucket
10%
New Jersey5Edison
7%
Maine4South Portland
7%
North Dakota4Minot
3%
Vermont5Montpelier
3%
Arkansas4Springdale
3%
Maryland5Waldorf
3%
Utah4West Jordan
3%
South Carolina5Rock Hill
0%
Wyoming5Rock Springs
0%

Score Distribution

Percentile by Number Answered

Percent of People with Each Score

Your Score History

You have not taken this quiz